[Event "Helsingor Xtracon op"]
[Site "Helsingor"]
[Date "2018.07.29"]
[Round "10"]
[White "Stern, Geoffrey"]
[Black "Stam, Bart"]
[Result "1/2-1/2"]
[WhiteElo "2008"]
[BlackElo "1845"]
[PlyCount "146"]
[EventDate "2018.07.21"]
[EventType "swiss"]
[EventRounds "10"]
[EventCountry "DEN"]
[SourceTitle "CBM 185 Extra"]
[Source "ChessBase"]
[SourceDate "2018.07.29"]
[SourceVersion "1"]
[SourceVersionDate "2018.07.29"]
[SourceQuality "1"]

1. d4 Nf6 2. Nc3 e6 3. Nf3 d5 4. Bg5 Be7 5. Bxf6 Bxf6 6. e4 dxe4 7. Nxe4 Nd7 8. Qd2 b6 9. 0-0-0 Bb7 10. Bd3 Qe7 11. Kb1 0-0-0 12. Rhe1 g6 13. Nxf6 Nxf6 14. Qe2 Kb8 15. Ba6 Ba8 16. g3 Rd5 17. Rd2 Ra5 18. Bc4 Ne4 19. Rd3 Rd8 20. Re3 Nd6 21. Bd3 Nf5 22. Bxf5 Rxf5 23. Nh4 Ra5 24. Rd1 Qb4 25. a3 Qe7 26. f4 Rad5 27. Nf3 R5d6 28. Red3 Bb7 29. Qe3 c5 30. Ne5 cxd4 31. Rxd4 f6 32. Ng4 Rxd4 33. Rxd4 Rxd4 34. Qxd4 f5 35. Ne5 Kc7 36. Qc4+ Kb8 37. Qa4 a6 38. Qd7 Qxd7 39. Nxd7+ Kc7 40. Nf8 Kd6 41. Nxh7 e5 42. Nf8 g5 43. fxg5 f4 44. gxf4 exf4 45. Kc1 Ke5 46. Kd2 Be4 47. Nd7+ Kf5 48. h4 b5 49. Nc5 Bc6 50. Ke2 Kg4 51. Ne6 f3+ 52. Kf2 Be4 53. Nd4 Kxh4 54. g6 Bxg6 55. Kxf3 Kg5 56. c3 Kf6 57. Kf4 Bd3 58. Nc6 Ke6 59. Nb4 Bf1 60. Nxa6 Kd5 61. b3 Be2 62. Ke3 Bd1 63. Nb4+ Kd6 64. Kd4 Bxb3 65. Nd3 Bd5 66. Nc5 Bg2 67. Na6 Kc6 68. Kd3 Kd6 69. Nb4 Kc5 70. Nc2 Bf1+ 71. Kd2 Bc4 72. Nd4 Bf1 73. Ke3 Kc4 1/2-1/2

[Event "Helsingor Xtracon op"]
[Site "Helsingor"]
[Date "2018.07.24"]
[Round "5"]
[White "Stam, Bart"]
[Black "Lye, Sverre"]
[Result "1-0"]
[WhiteElo "1845"]
[BlackElo "1405"]
[PlyCount "63"]
[EventDate "2018.07.21"]
[EventType "swiss"]
[EventRounds "10"]
[EventCountry "DEN"]
[SourceTitle "CBM 185 Extra"]
[Source "ChessBase"]
[SourceDate "2018.07.29"]
[SourceVersion "1"]
[SourceVersionDate "2018.07.29"]
[SourceQuality "1"]

1. e4 c5 2. Nf3 e6 3. b3 a6 4. c4 b5 5. cxb5 Bb7 6. Nc3 g6 7. Bb2 Bg7 8. Qc2 Nf6 9. Bd3 0-0 10. 0-0 d5 11. exd5 exd5 12. Ba3 Nfd7 13. bxa6 Nxa6 14. Rae1 Qa5 15. Na4 Rfe8 16. Rxe8+ Rxe8 17. Re1 Rc8 18. Re7 Qd8 19. Rxd7 Qxd7 20. Nb6 Nb4 21. Bxb4 cxb4 22. Nxd7 Rxc2 23. Bxc2 d4 24. Kf1 Bxf3 25. gxf3 f5 26. Ke2 Kf7 27. f4 Ke6 28. Nb6 Bh6 29. Kf3 Kd6 30. Bd3 g5 31. fxg5 Bxg5 32. Bxf5 1-0

[Event "Helsingor Xtracon op"]
[Site "Helsingor"]
[Date "2018.07.23"]
[Round "4"]
[White "Narheim, Mats"]
[Black "Stam, Bart"]
[Result "1/2-1/2"]
[WhiteElo "1544"]
[BlackElo "1845"]
[PlyCount "46"]
[EventDate "2018.07.21"]
[EventType "swiss"]
[EventRounds "10"]
[EventCountry "DEN"]
[SourceTitle "CBM 185 Extra"]
[Source "ChessBase"]
[SourceDate "2018.07.29"]
[SourceVersion "1"]
[SourceVersionDate "2018.07.29"]
[SourceQuality "1"]

1. e4 c5 2. Nc3 Nc6 3. Bb5 Nd4 4. Bc4 g6 5. d3 Bg7 6. Be3 a6 7. Qd2 b5 8. Bd5 Rb8 9. Nge2 e6 10. Bb3 Qc7 11. 0-0 Ne7 12. Bf4 d6 13. Nxd4 cxd4 14. Ne2 0-0 15. Bh6 Qc5 16. Bxg7 Kxg7 17. Ng3 Bd7 18. Rfe1 Nc6 19. e5 dxe5 20. Nh5+ gxh5 21. Qg5+ Kh8 22. Qf6+ Kg8 23. Qg5+ Kh8 1/2-1/2

[Event "Helsingor Xtracon op"]
[Site "Helsingor"]
[Date "2018.07.21"]
[Round "1"]
[White "Stam, Bart"]
[Black "Hobber, Anders"]
[Result "0-1"]
[WhiteElo "1845"]
[BlackElo "2312"]
[PlyCount "116"]
[EventDate "2018.07.21"]
[EventType "swiss"]
[EventRounds "10"]
[EventCountry "DEN"]
[SourceTitle "CBM 185 Extra"]
[Source "ChessBase"]
[SourceDate "2018.07.29"]
[SourceVersion "1"]
[SourceVersionDate "2018.07.29"]
[SourceQuality "1"]

1. e4 e6 2. d4 d5 3. Nc3 Nf6 4. Bg5 dxe4 5. Nxe4 Be7 6. Bxf6 gxf6 7. Nf3 b6 8. Bb5+ c6 9. Bd3 Bb7 10. Qe2 Qc7 11. 0-0-0 Nd7 12. Kb1 0-0-0 13. Ba6 Rhg8 14. g3 Kb8 15. Bxb7 Qxb7 16. Rhe1 Rge8 17. c3 Qc7 18. Qc4 Nf8 19. h4 Qd7 20. Qb3 Qd5 21. c4 Qf5 22. Ka1 Nd7 23. Re3 Qa5 24. c5 b5 25. Qc2 Qc7 26. Nc3 f5 27. Rde1 Nf6 28. Ne5 Rxd4 29. Nxf7 Bxc5 30. Ng5 Rc4 31. Nxe6 Qb6 32. Nxc5 Rxe3 33. Rxe3 Qxc5 34. Qd2 Nd5 35. Re8+ Kb7 36. a3 Rxc3 37. bxc3 Qxa3+ 38. Kb1 Nxc3+ 39. Kc2 Nd5 40. Kd1 Qa1+ 41. Ke2 b4 42. Re7+ Kb6 43. Rxh7 b3 44. Qd3 Nc3+ 45. Kd2 Ne4+ 46. Ke3 Qe1+ 47. Kf4 Qxf2+ 48. Ke5 Nc5 49. Qd8+ Kb5 50. Rxa7 Qxg3+ 51. Kxf5 Qf3+ 52. Kg6 Qg4+ 53. Kh7 Qh5+ 54. Kg8 Qg6+ 55. Kh8 Kc4 56. h5 Qxh5+ 57. Rh7 Qe5+ 58. Kg8 Qd5+ 0-1

[Event "Helsingor Xtracon op"]
[Site "Helsingor"]
[Date "2016.07.25"]
[Round "4"]
[White "Stam, Bart"]
[Black "Jarve, Edvin"]
[Result "1/2-1/2"]
[WhiteElo "1929"]
[BlackElo "1716"]
[PlyCount "110"]
[EventDate "2016.07.23"]
[EventType "swiss"]
[EventRounds "10"]
[EventCountry "DEN"]
[SourceTitle "CBM 173 Extra"]
[Source "ChessBase"]
[SourceDate "2016.08.29"]
[SourceVersion "1"]
[SourceVersionDate "2016.08.29"]
[SourceQuality "1"]

1. e4 e6 2. d4 d5 3. Nc3 Bb4 4. e5 c5 5. a3 Bxc3+ 6. bxc3 Ne7 7. Bd3 Nbc6 8. Nf3 c4 9. Be2 Qa5 10. Bd2 Bd7 11. a4 f6 12. 0-0 0-0-0 13. Qb1 Ng6 14. exf6 gxf6 15. Re1 Rde8 16. Bf1 e5 17. dxe5 fxe5 18. Qb5 a6 19. Qxa5 Nxa5 20. Bh6 Rhg8 21. Kh1 Re7 22. Be3 Nc6 23. Rad1 Be6 24. Ng5 Rd8 25. Bc5 Ree8 26. Nxe6 Rxe6 27. g3 Rf6 28. Bh3+ Kb8 29. Bb6 Rdd6 30. Bc5 Rd8 31. Rd2 d4 32. cxd4 exd4 33. Bg2 c3 34. Rde2 d3 35. cxd3 Rxd3 36. Bb6 Rf8 37. Be4 Rd2 38. Rxd2 cxd2 39. Rd1 Re8 40. f3 Nge5 41. Rxd2 Nc4 42. Bxc6 Re1+ 43. Kg2 Nxd2 44. Bd5 Re5 45. Bg8 Re2+ 46. Bf2 h6 47. h4 b5 48. axb5 axb5 49. g4 b4 50. g5 hxg5 51. hxg5 b3 52. g6 b2 53. Ba2 b1Q 54. Bxb1 Nxb1 55. g7 Re8 1/2-1/2

[Event "Helsingor Xtracon op"]
[Site "Helsingor"]
[Date "2016.07.24"]
[Round "2"]
[White "Stam, Bart"]
[Black "Shehzad, Kasher"]
[Result "0-1"]
[WhiteElo "1929"]
[BlackElo "1656"]
[PlyCount "102"]
[EventDate "2016.07.23"]
[EventType "swiss"]
[EventRounds "10"]
[EventCountry "DEN"]
[SourceTitle "CBM 173 Extra"]
[Source "ChessBase"]
[SourceDate "2016.08.29"]
[SourceVersion "1"]
[SourceVersionDate "2016.08.29"]
[SourceQuality "1"]

1. e4 d5 2. exd5 Qxd5 3. Nc3 Qa5 4. g3 Nf6 5. Bg2 c6 6. Nge2 Bg4 7. b4 Qc7 8. Rb1 a6 9. h3 Bh5 10. 0-0 e5 11. d4 exd4 12. Qxd4 Bg6 13. Bf4 Qd7 14. Qb6 Bxc2 15. Rb2 Bg6 16. Rd2 Qc8 17. Rfd1 Be7 18. Na4 Nbd7 19. Qe3 Kf8 20. Nb6 Nxb6 21. Qxb6 Bf5 22. g4 Be6 23. Bd6 Bxd6 24. Rxd6 Nd5 25. Qc5 Kg8 26. Nd4 h5 27. Nxe6 fxe6 28. g5 h4 29. Re1 Nf4 30. Qe5 Qf8 31. Re4 Nxg2 32. Qxe6+ Qf7 33. Qxf7+ Kxf7 34. g6+ Kf8 35. Kxg2 Re8 36. Rf4+ Ke7 37. Rdd4 Ref8 38. Rde4+ Kd7 39. Rxh4 Rxh4 40. Rxh4 Rf6 41. Rg4 Rd6 42. h4 Ke7 43. h5 Rd8 44. Rf4 Rd5 45. Rf7+ Ke6 46. Rxb7 Rxh5 47. Rxg7 Rb5 48. a3 a5 49. Rc7 axb4 50. axb4 Kd6 51. g7 Rg5+ 0-1

[Event "Politiken Cup 37th"]
[Site "Helsingor"]
[Date "2015.07.30"]
[Round "7"]
[White "Fossan, Aleksander"]
[Black "Stam, Bart"]
[Result "1-0"]
[WhiteElo "1798"]
[BlackElo "1946"]
[PlyCount "69"]
[EventDate "2015.07.25"]
[EventType "swiss"]
[EventRounds "10"]
[EventCountry "DEN"]
[SourceTitle "CBM 167 Extra"]
[Source "ChessBase"]
[SourceDate "2015.09.14"]
[SourceVersion "1"]
[SourceVersionDate "2015.09.14"]
[SourceQuality "1"]

1. e4 c5 2. c3 Nf6 3. e5 Nd5 4. d4 cxd4 5. Nf3 Nc6 6. Bc4 Nb6 7. Bb3 d5 8. exd6 Qxd6 9. 0-0 Bf5 10. Nxd4 Nxd4 11. cxd4 e6 12. Nc3 a6 13. Qf3 Qd7 14. d5 e5 15. Be3 Nc8 16. Rfe1 Bd6 17. Ne4 Bxe4 18. Qxe4 f5 19. Qc4 0-0 20. Bc5 f4 21. f3 b5 22. Qc3 Re8 23. Re2 Bxc5+ 24. Qxc5 Nd6 25. Rae1 Rac8 26. Qb6 Nc4 27. Bxc4 Rxc4 28. Rxe5 Rxe5 29. Qb8+ Kf7 30. Qxe5 Ra4 31. a3 g6 32. d6 Rc4 33. h4 Qd8 34. Qd5+ Kg7 35. Re7+ 1-0

[Event "Politiken Cup 37th"]
[Site "Helsingor"]
[Date "2015.07.26"]
[Round "2"]
[White "Huse, Sigurd Kjelsbol"]
[Black "Stam, Bart"]
[Result "1/2-1/2"]
[WhiteElo "1715"]
[BlackElo "1946"]
[PlyCount "107"]
[EventDate "2015.07.25"]
[EventType "swiss"]
[EventRounds "10"]
[EventCountry "DEN"]
[SourceTitle "CBM 167 Extra"]
[Source "ChessBase"]
[SourceDate "2015.09.14"]
[SourceVersion "1"]
[SourceVersionDate "2015.09.14"]
[SourceQuality "1"]

1. e4 c5 2. Nf3 d6 3. Bb5+ Nd7 4. 0-0 a6 5. Bd3 Ngf6 6. c3 g6 7. Bc2 Bg7 8. d4 0-0 9. Nbd2 Qc7 10. Nb3 c4 11. Nbd2 b5 12. Re1 e6 13. Nf1 Bb7 14. Ng3 Rfe8 15. Bd2 Nb6 16. a4 bxa4 17. Bxa4 Reb8 18. Qe2 a5 19. Bf4 Nfd7 20. Nd2 e5 21. Be3 Nxa4 22. Rxa4 Nb6 23. Ra2 exd4 24. Bxd4 Bxd4 25. cxd4 Re8 26. Rc1 d5 27. b3 Ba6 28. Rxa5 c3 29. Rxa6 Rxa6 30. Qxa6 cxd2 31. Rd1 dxe4 32. Rxd2 Qc1+ 33. Nf1 Ra8 34. Qe2 Ra1 35. d5 Nd7 36. d6 Qc3 37. Rd1 Rxd1 38. Qxd1 Kg7 39. Ng3 e3 40. Ne2 exf2+ 41. Kxf2 Qf6+ 42. Kg1 Qe6 43. Qd3 f6 44. h3 Nc5 45. Qd1 Kf7 46. Nf4 Qe3+ 47. Kh1 Qxf4 48. d7 Ne6 49. d8Q Nxd8 50. Qd7+ Kf8 51. Qxd8+ Kf7 52. Qd7+ Kg8 53. Qd5+ Kg7 54. Qd7+ 1/2-1/2

[Event "Reykjavik op"]
[Site "Reykjavik"]
[Date "2015.03.11"]
[Round "3"]
[White "Stam, Bart"]
[Black "Haldorsen, Benjamin"]
[Result "0-1"]
[WhiteElo "1972"]
[BlackElo "2307"]
[PlyCount "64"]
[EventDate "2015.03.10"]
[EventType "swiss"]
[EventRounds "10"]
[EventCountry "ISL"]
[SourceTitle "CBM 165 Extra"]
[Source "ChessBase"]
[SourceDate "2015.04.21"]
[SourceVersion "1"]
[SourceVersionDate "2015.04.21"]
[SourceQuality "1"]

1. e4 e5 2. Nf3 Nc6 3. Bc4 Bc5 4. c3 Nf6 5. d4 exd4 6. cxd4 Bb4+ 7. Bd2 Bxd2+ 8. Nbxd2 d5 9. exd5 Nxd5 10. Qb3 Na5 11. Qa4+ Nc6 12. Qb3 Nce7 13. 0-0 0-0 14. Rfe1 c6 15. a4 a5 16. Ne4 Nb6 17. Bd3 Ned5 18. Rad1 Bg4 19. Neg5 h6 20. h3 Bh5 21. g4 hxg5 22. gxh5 Qf6 23. Re5 Nb4 24. Rf5 Qe6 25. d5 N6xd5 26. Nxg5 Qh6 27. Bc4 Qxh5 28. Qf3 Qxf3 29. Rxf3 Rae8 30. Rd4 f6 31. Ne4 Nc2 32. Bxd5+ cxd5 0-1

[Event "Politiken Cup 36th"]
[Site "Helsingor"]
[Date "2014.07.25"]
[Round "6"]
[White "Alfven, Jorgen"]
[Black "Stam, Bart"]
[Result "1-0"]
[WhiteElo "1883"]
[BlackElo "2017"]
[PlyCount "71"]
[EventDate "2014.07.21"]
[EventType "swiss"]
[EventRounds "10"]
[EventCountry "DEN"]
[SourceTitle "CBM 161 Extra"]
[Source "ChessBase"]
[SourceDate "2014.08.29"]
[SourceVersion "1"]
[SourceVersionDate "2014.08.29"]
[SourceQuality "1"]

1. d4 d5 2. c4 Bf5 3. cxd5 Bxb1 4. Rxb1 Qxd5 5. a3 Nc6 6. Nf3 Nf6 7. e3 e6 8. Qc2 Be7 9. Bc4 Qa5+ 10. Bd2 Qb6 11. b4 0-0 12. 0-0 Rac8 13. b5 Nb8 14. Qa4 Nd5 15. e4 Nf6 16. Ba5 Qd6 17. e5 Qxa3 18. Qxa3 Bxa3 19. exf6 gxf6 20. Rb3 Bd6 21. Bb4 Nd7 22. Ra1 Nb6 23. Bxd6 cxd6 24. Bd3 Ra8 25. Rc1 Rfc8 26. Rxc8+ Rxc8 27. g3 Rc1+ 28. Kg2 Ra1 29. Rc3 Nd5 30. Rc8+ Kg7 31. Be4 Ra5 32. Bxd5 exd5 33. b6 axb6 34. Rc7 b5 35. Rxb7 Kg6 36. Nh4+ 1-0

[Event "Reykjavik op"]
[Site "Reykjavik"]
[Date "2012.03.13"]
[Round "9"]
[White "Johannsdottir, Johanna Bjorg"]
[Black "Stam, Bart"]
[Result "1-0"]
[WhiteElo "1864"]
[BlackElo "2048"]
[PlyCount "109"]
[EventDate "2012.03.06"]
[EventType "swiss"]
[EventRounds "9"]
[EventCountry "ISL"]
[SourceTitle "CBM 147 Extra"]
[Source "ChessBase"]
[SourceDate "2012.04.24"]
[SourceVersion "1"]
[SourceVersionDate "2012.04.24"]
[SourceQuality "1"]

1. e4 e5 2. Nf3 Nc6 3. Bc4 Bc5 4. c3 Nf6 5. d3 a6 6. 0-0 Ba7 7. Nbd2 0-0 8. Re1 d6 9. Bb3 Qe7 10. Nf1 h6 11. Ng3 Ng4 12. Re2 Na5 13. Bc2 Be6 14. d4 Bc4 15. Re1 Be6 16. h3 Nf6 17. Nh4 Nh7 18. Nhf5 Bxf5 19. Nxf5 Qf6 20. Qg4 Kh8 21. Re3 exd4 22. Rf3 dxc3 23. bxc3 Ng5 24. Rg3 Ne6 25. Qh5 Nc4 26. Qe2 Ne5 27. Bd2 Ng6 28. Rf1 Rae8 29. Qh5 Nef4 30. Qg4 h5 31. Qf3 Ne2+ 32. Qxe2 Qxf5 33. Rg5 Qf6 34. Qxh5+ Kg8 35. Rf5 Qh4 36. Qd1 Re5 37. Bg5 Qg3 38. Qd2 Rxf5 39. exf5 Nh4 40. Bxh4 Qxh4 41. Qd5 c6 42. Qd3 Re8 43. Qf3 d5 44. Bd3 Rc8 45. Kh2 Bb8+ 46. g3 Qg5 47. Kg2 f6 48. Rd1 Kf7 49. h4 Qh6 50. c4 d4 51. c5 Be5 52. Bc4+ Ke8 53. Qg4 Kd7 54. f4 Bc7 55. Rxd4+ 1-0

[Event "Reykjavik op"]
[Site "Reykjavik"]
[Date "2012.03.06"]
[Round "1"]
[White "Baklan, Vladimir"]
[Black "Stam, Bart"]
[Result "1-0"]
[WhiteElo "2612"]
[BlackElo "2048"]
[PlyCount "43"]
[EventDate "2012.03.06"]
[EventType "swiss"]
[EventRounds "9"]
[EventCountry "ISL"]
[SourceTitle "CBM 147 Extra"]
[Source "ChessBase"]
[SourceDate "2012.04.24"]
[SourceVersion "1"]
[SourceVersionDate "2012.04.24"]
[SourceQuality "1"]

1. e4 c5 2. c3 Nf6 3. e5 Nd5 4. Nf3 d6 5. Bc4 Nb6 6. Bb3 Nc6 7. exd6 e6 8. d4 Bxd6 9. 0-0 cxd4 10. cxd4 0-0 11. Nc3 Nb4 12. Ne5 f6 13. Nd3 Nc6 14. Be3 Kh8 15. Nc5 e5 16. dxe5 Nxe5 17. Nb5 Be7 18. Qxd8 Rxd8 19. Rac1 Nd5 20. Bxd5 Rxd5 21. Nc7 Rxc5 22. Bxc5 1-0

[Event "Curacao op"]
[Site "Willemstad"]
[Date "2003.10.29"]
[Round "5"]
[White "Stam, Bart"]
[Black "Dekker, Marvin"]
[Result "1/2-1/2"]
[WhiteElo "2056"]
[BlackElo "2196"]
[PlyCount "79"]
[EventDate "2003.10.25"]
[EventType "swiss"]
[EventRounds "9"]
[EventCountry "AHO"]
[SourceTitle "EXT 2004"]
[Source "ChessBase"]
[SourceDate "2003.11.25"]
[SourceVersion "1"]
[SourceVersionDate "2003.11.25"]
[SourceQuality "1"]

1. e4 c5 2. Nf3 d6 3. d4 cxd4 4. Nxd4 Nf6 5. Nc3 a6 6. Bg5 e6 7. f4 Be7 8. Qf3 Qc7 9. 0-0-0 Nbd7 10. g4 b5 11. Bxf6 Nxf6 12. g5 Nd7 13. f5 Nc5 14. f6 gxf6 15. gxf6 Bf8 16. Rg1 h5 17. a3 Bd7 18. Rg7 Rc8 19. Bh3 Qa5 20. Nd5 b4 21. Nxb4 Na4 22. Nf5 exf5 23. Rd5 Qc7 24. exf5 Bb5 25. Qe4+ Kd8 26. Rd2 Nxb2 27. Nd5 Qc4 28. Qxc4 Nxc4 29. Rdg2 Nxa3 30. Rxf7 Bh6+ 31. Kd1 Rc4 32. Nb6 Rd4+ 33. Ke1 Re8+ 34. Re7 Rxe7+ 35. fxe7+ Kxe7 36. Nc8+ Ke8 37. Rg8+ Bf8 38. f6 Re4+ 39. Kd2 Rd4+ 40. Kc3 1/2-1/2

[Event "Politiken Cup 25th"]
[Site "Copenhagen"]
[Date "2003.07.22"]
[Round "8"]
[White "Jensen, Soren"]
[Black "Stam, Bart"]
[Result "1/2-1/2"]
[WhiteElo "2123"]
[BlackElo "2058"]
[PlyCount "140"]
[EventDate "2003.07.14"]
[EventType "swiss"]
[EventRounds "11"]
[EventCountry "DEN"]
[SourceTitle "CBM 095 Extra"]
[Source "ChessBase"]
[SourceDate "2003.09.04"]
[SourceVersion "1"]
[SourceVersionDate "2003.09.04"]
[SourceQuality "1"]

1. e4 c5 2. Nc3 Nc6 3. Bc4 e6 4. Nf3 Be7 5. d4 cxd4 6. Nxd4 Nf6 7. Ndb5 d6 8. Nd4 0-0 9. 0-0 a6 10. Nxc6 bxc6 11. Bd3 Qa5 12. f4 Rb8 13. Qe1 Qc7 14. Qg3 e5 15. Be2 Kh8 16. f5 d5 17. exd5 cxd5 18. Bd1 d4 19. Ne2 Bb7 20. Kh1 Bd6 21. b3 Qc6 22. Ng1 Ne4 23. Qg4 Qc3 24. Rb1 Qe1 25. Qe2 Qh4 26. Rf3 Nc3 27. Rxc3 dxc3 28. Qd3 Qf2 29. Bf3 Bc5 30. Bg5 f6 31. Rf1 Qd4 32. Qxd4 Bxd4 33. Bh4 e4 34. Be2 Be5 35. Bf2 Rfd8 36. Be3 Bd4 37. Bf4 Rbc8 38. Bc4 Bd5 39. Be2 a5 40. a4 Bc6 41. Ba6 Ra8 42. Bc4 Bxg1 43. Kxg1 Rd4 44. Re1 Rad8 45. Be2 R4d5 46. g4 g6 47. fxg6 hxg6 48. Kf2 Kg7 49. h4 g5 50. hxg5 fxg5 51. Be3 Rh8 52. Kg3 Kg6 53. Rf1 Bd7 54. Bc4 Rd6 55. Be2 Be6 56. Rb1 Rh4 57. b4 axb4 58. Rxb4 Bd7 59. Rxe4 Rh1 60. Bd3 Rxd3 61. cxd3 Rd1 62. Rd4 Be6 63. Rd6 Kf7 64. Bxg5 c2 65. Rc6 Rxd3+ 66. Kf2 Bb3 67. a5 Rd5 68. Be3 Rxa5 69. g5 Ra2 70. Kg3 Ra4 1/2-1/2

[Event "Liechtenstein op 21st"]
[Site "Vaduz"]
[Date "2003.05.23"]
[Round "1"]
[White "Stam, Bart"]
[Black "Weindl, Alfred"]
[Result "0-1"]
[WhiteElo "2036"]
[BlackElo "2389"]
[PlyCount "54"]
[EventDate "2003.05.23"]
[EventType "swiss"]
[EventRounds "5"]
[EventCountry "LIE"]
[SourceTitle "CBM 094 Extra"]
[Source "ChessBase"]
[SourceDate "2003.07.09"]
[SourceVersion "2"]
[SourceVersionDate "2003.07.09"]
[SourceQuality "1"]

1. e4 c5 2. Nf3 Nc6 3. d4 cxd4 4. Nxd4 Nf6 5. Nc3 d6 6. Bc4 e6 7. Be3 Be7 8. Qe2 a6 9. 0-0-0 Qc7 10. Bb3 0-0 11. g4 Nxd4 12. Rxd4 b5 13. g5 Nd7 14. h4 Nc5 15. h5 Rb8 16. g6 Bf6 17. h6 fxg6 18. hxg7 Bxg7 19. Rdd1 Nxb3+ 20. axb3 b4 21. Na4 Bd7 22. Qxa6 Rfc8 23. Rd2 Bxa4 24. bxa4 Bxb2+ 25. Kb1 Be5 26. f4 Qc3 27. fxe5 b3 0-1

[Event "Bergen Sommer op"]
[Site "Bergen"]
[Date "2002.07.28"]
[Round "9"]
[White "Holder, Hovard"]
[Black "Stam, Bart"]
[Result "1-0"]
[WhiteElo "2018"]
[BlackElo "2060"]
[PlyCount "67"]
[EventDate "2002.07.20"]
[EventType "swiss"]
[EventRounds "9"]
[EventCountry "NOR"]
[SourceTitle "CBM 089 Extra"]
[Source "ChessBase"]
[SourceDate "2002.09.10"]
[SourceVersion "2"]
[SourceVersionDate "2002.09.10"]
[SourceQuality "1"]

1. e4 c5 2. Nc3 e6 3. f4 d5 4. Nf3 dxe4 5. Nxe4 Nf6 6. Nxf6+ Qxf6 7. Bc4 Nc6 8. 0-0 Bd6 9. c3 h6 10. d3 0-0 11. Nd2 Na5 12. Bb5 a6 13. Ne4 Qe7 14. Nxd6 Qxd6 15. Ba4 b5 16. Bc2 Bb7 17. Qe2 Rad8 18. Be3 Nc6 19. Qf2 Qd5 20. Bxc5 Rfe8 21. d4 Ne7 22. Bb3 Qc6 23. Bxe7 Rxe7 24. Rae1 Rdd7 25. Re5 g6 26. Rfe1 Kf8 27. R1e2 Qc7 28. Qe3 h5 29. f5 gxf5 30. Qh6+ Kg8 31. Qg5+ Kf8 32. Qxh5 Re8 33. Qh8+ Ke7 34. Rxe6+ 1-0